Ideas y creencias
Sparad:
| Materialtyp: | Bok |
|---|---|
| Språk: | spanska |
| Publicerad: |
Madrid
Espasa-Calpe
1952
|
| Upplaga: | 4a. ed |
| Serie: | Colección Austral, 151
|
| Ämnen: | |
| Taggar: |
Lägg till en tagg
Inga taggar, Lägg till första taggen!
|
MARC
| LEADER | 00000nam a2200000 a 4500 | ||
|---|---|---|---|
| 001 | UCP1875 | ||
| 003 | CL-VaPUC | ||
| 008 | 990426e19520000SP |||||||||||||||||spa|d | ||
| 082 | 0 | 4 | |a 196.1 |b ORT |2 21 |
| 245 | 1 | 0 | |a Ideas y creencias |
| 250 | |a 4a. ed | ||
| 300 | |a 144 p | ||
| 942 | |c BK | ||
| 945 | |d 19990426 00:00:00 |a lriquelm | ||
| 260 | |a Madrid |b Espasa-Calpe |c 1952 | ||
| 650 | 0 | |a Filosofía española |9 254895 | |
| 650 | 0 | |a Epistemología |9 264994 | |
| 650 | 0 | |a Creencia |9 334586 | |
| 650 | 0 | |a Teología |9 258766 | |
| 650 | 0 | |a Ensayos |9 268724 | |
| 650 | 0 | |a Filosofía del espíritu |9 320175 | |
| 583 | |a last modification |c 19990426 00:00:00 |k Rodrigo Vera | ||
| 490 | 0 | |a Colección Austral, 151 | |
| 999 | |c 280506 |d 280504 | ||
| 952 | |0 0 |1 0 |4 0 |6 196_100000000000000_ORT_1952 |7 0 |8 A |9 320839 |a BIBHIS |b BIBHIS |d 2019-11-20 |i 1338870 |o 196.1 ORT 1952 |p 1338870 |r 2025-01-20 |w 2019-11-20 |y BK |k HIS | ||
| 952 | |0 0 |1 0 |4 0 |6 196_100000000000000_ORT_1952 |7 0 |8 A |9 320840 |a FDOPOS |b FDOPOS |d 2019-11-20 |i 4318870 |o 196.1 ORT 1952 |p 4318870 |r 2025-01-22 |w 2019-11-20 |y BK |k MLA | ||